哈尔滨市知识测验 Harbin city quiz - Statistics

General Stats
  • This quiz has been taken 36 times
    35 since last reset
  • The average score is 17 of 25
Answer Stats
问题 答案 % Correct
平房区著名的侵华日军史迹 侵华日军第七三一部队旧址
97%
围绕上述河流写出了代表作的女作家 萧红
94%
以大米闻名全国的县级市 五常市
94%
在市区北面汇入松花江左岸的较大河流 呼兰河
88%
哈尔滨市政府所在的市辖区 松北区
88%
哈尔滨市范围内的5A景区 太阳岛景区
88%
道里区历史悠久的重要步行街,欧式建筑艺术长廊,1968~73年曾名防修大街 中央大街
84%
尚志市名纪念的抗日英雄 赵尚志
84%
始建于1907年的拜占庭式教堂 圣·索菲亚教堂
81%
尚志下辖的镇,以滑雪旅游产业闻名 亚布力镇
81%
创立于1900年的中华老字号食品品牌,代表产品为红肠、格瓦斯 秋林里道斯
78%
他1909年在哈尔滨火车站刺杀日本首相伊藤博文,车站内现有他的纪念馆 安重根
69%
除上述县外,松花江流过的其它各县(按上游到下游排序) 宾县
66%
由于二战后在华日侨历史,近年卷入网络舆论漩涡的哈尔滨下辖县 方正县
63%
除上述县外,松花江流过的其它各县(按上游到下游排序) 依兰县
59%
除上述县外,松花江流过的其它各县(按上游到下游排序) 木兰县
56%
上述大街北端临江处兼有中苏建筑师共同设计的防洪纪念塔,纪念哈尔滨人民战胜哪一年的特大洪水(写四位年份) 1957
56%
蜿蜒流过平房、香坊、南岗、道外4个区的松花江右岸支流,现为市区重要的景观带 马家沟河
53%
除上述县外,松花江流过的其它各县(按上游到下游排序) 巴彦县
50%
除上述县外,松花江流过的其它各县(按上游到下游排序) 通河县
50%
阿城区南郊有金朝的早期都城遗址,名为 金上京会宁府遗址
47%
“马迭尔”这一品牌最初并非主营冰棍,冰棍原是其主营的____为吸引客人而制作的特色冷饮 宾馆
44%
市政府东面4km处,马岩松设计的异形双曲面大型标志性建筑 哈尔滨大剧院
41%
哈尔滨市东南方向的边界主要沿这条山脉,它也是松花江与支流牡丹江的分水岭 张广才岭
38%
哈尔滨有许多简称企业名,其中“哈一百”原指代的是 哈尔滨市第一百货商店
34%
No matching quizzes found
Score Distribution
Percent of People with Each Score
Percentile by Number Answered
Your Score History
You have not taken this quiz since the last reset